Catálogo público

Instalaciones eléctricas : documentación y puesta en servicio, verificación e inspección, instalador autorizado / (Record no. 176657)

MARC details
000 -CABECERA
campo de control de longitud fija 01319nam a2200313Ia 4500
001 - NÚMERO DE CONTROL
campo de control dia_1010
003 - IDENTIFICADOR DEL NÚMERO DE CONTROL
campo de control CHAP
005 - FECHA Y HORA DE LA ÚLTIMA TRANSACCIÓN
campo de control 20230502122949.0
008 - DATOS DE LONGITUD FIJA--INFORMACIÓN GENERAL
campo de control de longitud fija 220117s2005 xx 000 0 und d
010 ## - NÚMERO DE CONTROL DE LA BIBLIOTECA DEL CONGRESO
Número de control de LC 176657
020 ## - NÚMERO INTERNACIONAL ESTÁNDAR DEL LIBRO
Número Internacional Estándar del Libro 84-96300-06-4 \ 978-84-96300-06-4
040 ## - FUENTE DE LA CATALOGACIÓN
Centro/agencia transcriptor CHAP
082 ## - NÚMERO DE LA CLASIFICACIÓN DECIMAL DEWEY
Número de clasificación 621.31042 G84 2005
100 ## - ENTRADA PRINCIPAL--NOMBRE DE PERSONA
Nombre de persona Guerrero Fernández, Alberto
9 (RLIN) 159270
245 ## - MENCIÓN DE TÍTULO
Título Instalaciones eléctricas : documentación y puesta en servicio, verificación e inspección, instalador autorizado /
Mención de responsabilidad, etc. Alberto Guerrero Fernández
260 ## - PUBLICACIÓN, DISTRIBUCIÓN, ETC.
Lugar de publicación, distribución, etc. España :
Nombre del editor, distribuidor, etc. Creaciones Copyright,
Fecha de publicación, distribución, etc. 2005
300 ## - DESCRIPCIÓN FÍSICA
Extensión ix, 338 p.
440 ## - MENCIÓN DE SERIE/PUNTO DE ACCESO ADICIONAL--TÍTULO
Título Aplicaciones prácticas del REBT 2002
9 (RLIN) 159271
500 ## - NOTA GENERAL
Nota general El CD contiene la versión educativa del programa CYPE Ingenieros S. A. - Software para arquitectura, Ingeniería y Construcción con el que podrá realizar, entre otras muchas cosas, Cálculos de Instalaciones Eléctricas de Baja Tensión.
503 ## - NOTA DE HISTORIA BIBLIOGRÁFICA (BK CF MU) [OBSOLETO]
Nota de historia bibliográfica C.
590 ## - NOTA LOCAL (RLIN)
Nota local TK3271 G84 2005
650 ## - PUNTO DE ACCESO ADICIONAL DE MATERIA--TÉRMINO DE MATERIA
Término de materia o nombre geográfico como elemento de entrada Electric wiring
Subdivisión general Manuals
9 (RLIN) 159272
650 ## - PUNTO DE ACCESO ADICIONAL DE MATERIA--TÉRMINO DE MATERIA
Término de materia o nombre geográfico como elemento de entrada Instalaciones eléctricas
Subdivisión general Inspección
-- Manuales
9 (RLIN) 159273
650 ## - PUNTO DE ACCESO ADICIONAL DE MATERIA--TÉRMINO DE MATERIA
Término de materia o nombre geográfico como elemento de entrada Instalaciones eléctricas
Subdivisión general Manuales
9 (RLIN) 159274
901 ## - ELEMENTOS DE DATOS A LOCAL LDA (RLIN)
a 621.31042 G84 2005
902 ## - ELEMENTOS DE DATOS B LOCAL, LDB (RLIN)
a A
905 ## - ELEMENTOS DE DATOS E LOCAL, LDE (RLIN)
a 5232272005 sp ainl8222223322spa16
942 ## - ELEMENTOS DE PUNTO DE ACCESO ADICIONAL (KOHA)
Tipo de ítem Koha Libro
Fuente del sistema de clasificación o colocación Dewey Decimal Classification
Holdings
Estado de retiro Estado de pérdida Fuente del sistema de clasificación o colocación Estado dañado No para préstamo Código de colección Localización permanente Ubicación/localización actual Fecha de adquisición Información codificada de la localización en otra ubicación Enumeración/cronología de publicación seriada Total de préstamos Signatura topográfica completa Código de barras Fecha visto por última vez Número de copia Precio válido a partir de Tipo de ítem Koha
    Dewey Decimal Classification     General Ingenieria Agroindustrial Ingenieria Agroindustrial 18/01/2022 1 Tomo: 3   621.31042 G84 2005 dia_008420 18/01/2022 1 18/01/2022 Libro
    Dewey Decimal Classification     General Ingenieria Agroindustrial Ingenieria Agroindustrial 18/01/2022 1     621.31042 G84 2005 dia_008394 18/01/2022 1 18/01/2022 Libro
    Dewey Decimal Classification     General Ingenieria Agroindustrial Ingenieria Agroindustrial 18/01/2022 1     621.31042 G84 2005 dia_008395 18/01/2022 2 18/01/2022 Libro
    Dewey Decimal Classification     General Ingenieria Agroindustrial Ingenieria Agroindustrial 18/01/2022 1     621.31042 G84 2005 dia_008396 18/01/2022 3 18/01/2022 Libro
    Dewey Decimal Classification     General Ingenieria Agroindustrial Ingenieria Agroindustrial 18/01/2022 1 Tomo: 1   621.31042 G84 2005 dia_008418 18/01/2022 1 18/01/2022 Libro
    Dewey Decimal Classification     General Ingenieria Agroindustrial Ingenieria Agroindustrial 18/01/2022 1 Tomo: 2   621.31042 G84 2005 dia_008419 18/01/2022 1 18/01/2022 Libro